000 00629nam a22001817a 4500
005 20251108170520.0
008 250721s2001 xx 000 0 ara d
082 1 4 _a371.33/خوا
100 1 _aالخواجا، عبد الفتاح محمد سعيد
245 1 0 _aمستقبل التعليم الحديث التحديات و تكنولوجيا المعلومات الحديث /
264 1 _aعمان :
_bدار المستقبل للنشر،
_c2001.
300 _a192ص
650 1 7 _aالتدريس
650 1 7 _aوسائل السمعية و البصرية
650 1 7 _aالتعلم
942 _2ddc
_cBK
999 _c42390
_d42390